|
|
|
|
| LEADER |
00000nam a2200000Ii 4500 |
| 001 |
DIGEDUV0012 |
| 003 |
NyNyDIG |
| 006 |
m o d |
| 007 |
cr ||||||||||| |
| 008 |
130301s2009 ag ob 001 0 spa d |
| 020 |
|
|
|z 9789871518166
|
| 020 |
|
|
|z 9871518161
|
| 035 |
|
|
|a (OCoLC)843455088
|
| 040 |
|
|
|a DGITA
|b eng
|e pn
|c DGITA
|
| 041 |
1 |
|
|a spa
|a lat
|h lat
|
| 043 |
|
|
|a s-ag---
|
| 050 |
1 |
4 |
|a PA8118.A7 eBook
|
| 245 |
0 |
0 |
|a Literatura neolatina en el Río de La Plata :
|b antología bilingüe /
|c transcripción, traducción, estudio crítico y notas, Alfredo Eduardo Fraschini, Marcela Alejandra Suárez y Luis Angel Sánchez.
|
| 264 |
|
1 |
|a Villa María, Córdoba, Argentina :
|b Universidad Nacional de Villa María :
|b EDUVIM, Editorial Universitaria Villa María,
|c 2009.
|
| 300 |
|
|
|a 1 online resource (262 pages)
|
| 336 |
|
|
|a text
|b txt
|2 rdacontent
|
| 337 |
|
|
|a computer
|b c
|2 rdamedia
|
| 338 |
|
|
|a online resource
|b cr
|2 rdacarrier
|
| 490 |
1 |
|
|a Filosofía y humanidades ;
|v 1.
|
| 504 |
|
|
|a Includes bibliographical references and indexes.
|
| 505 |
0 |
|
|a Presentación -- Prosa oratoria: Laudationes quinque / José Manuel Peramás .Transcripción, traducción y notas de Marcela Alejandra Suárez -- Oración de Ostenta. Año 1759 73 / Anónimo. Transcripción, traducción y notas de Alfredo Eduardo Fraschini -- Prosa didáctica: Aliqua de sintaxi ornata / Anónimo. Transcripción, traducción y notas de Luis Ángel Sánchez -- Prolusiones Perpiniani Anónimo. Transcripción, traducción y notas de Luis Ángel Sánchez -- Prosa epistolar: Carta al Papa sobre la beatificación del V.P. Francisco del Castillo / Monseñor Miguel de Argandoña Pastene Salazar. Transcripción, traducción y notas de Alfredo Eduardo Fraschini -- Carta que hizo el P. Joseph de Guevara.Transcripción, traducción y notas de Alfredo Eduardo Fraschini -- Poesía lírica: Poema latino / Miguel Streyger. Transcripción, traducción y notas de Alfredo Eduardo Fraschini - Bibliografía -- Sobre los autores -- Índice onomástico y de lugares -- Índice temático (en los textos latinos).
|
| 546 |
|
|
|a In Latin and Spanish on facing pages.
|
| 650 |
|
0 |
|a Latin literature, Medieval and modern
|z Argentina.
|
| 650 |
|
0 |
|a Latin literature, Medieval and modern
|y 18th century.
|
| 650 |
|
0 |
|a Latin literature, Medieval and modern
|v Translations into Spanish.
|
| 655 |
|
0 |
|a Electronic books.
|
| 700 |
1 |
|
|a Fraschini, Alfredo Eduardo.
|
| 700 |
1 |
|
|a Suárez, Marcela Alejandra.
|
| 700 |
1 |
|
|a Sánchez, Luis Angel.
|
| 791 |
2 |
|
|a Digitalia (Firm),
|e distributor.
|
| 830 |
|
0 |
|a Filosofía y humanidades ;
|v 1.
|
| 793 |
0 |
|
|g Digitalia eBook Collection:
|a Ediciones Eduvim
|
| 856 |
4 |
0 |
|3 Digitalia Hispánica
|u https://www.digitaliapublishing.com/a/14490/
|
| 910 |
|
|
|a Premium Collection: 2007-2012
|